Dinner Table - Map Quiz - Statistics

General Stats
  • This quiz has been taken 1,361 times
  • The average score is 10 of 17
Answers on the Map
Answers color-coded by a green-red scale on the quiz's map according to % correct below.
 
Answer Stats
Answer % Correct
Napkin
77%
Bread Plate
74%
Butter Knife
74%
Dessert Spoon
71%
Soup Spoon
66%
Dessert Fork
65%
Dinner Knife
65%
Dinner Fork
64%
Dinner Plate
61%
Soup Bowl
60%
Red Wine Glass
59%
Fish Knife
56%
Water Glass
52%
Salad Fork
51%
Charger
45%
White Wine Glass
45%
Fish Fork
44%
No matching quizzes found
Score Distribution
Percent of People with Each Score
Percentile by Number Answered
Your Score History
You have not taken this quiz